000
00293nam a2200109Ia 4500
008
200302s9999 xx 000 0 und d
100
_a
Davina Jackson
245
_a
Nextwave : Emerging Talents In Australian Architecture
260
_b
Thames and Hudson, London
260
_c
2007
300
_a
255 P
999
_c
4787
_d
4787